[Event "TUR-chT2"]
[Site "Konya"]
[Date "2017.07.14"]
[Round "8.24"]
[White "Asikoglu, Engin Can"]
[Black "Karakuzu, Ismail"]
[Result "1-0"]
[WhiteElo "1346"]
[BlackElo "1338"]
[PlyCount "107"]
[EventDate "2017.07.09"]
[EventType "team-swiss"]
[EventRounds "9"]
[EventCountry "TUR"]
[SourceTitle "CBM 179 Extra"]
[Source "ChessBase"]
[SourceDate "2017.08.23"]
[SourceVersion "1"]
[SourceVersionDate "2017.08.23"]
[SourceQuality "1"]
[WhiteTeam "Koy Hizmetleri Kastamonu"]
[BlackTeam "Genclik Deha"]
[WhiteTeamCountry "TUR"]
[BlackTeamCountry "TUR"]

1. e4 e5 2. Nf3 Nc6 3. Bc4 Bc5 4. d3 h6 5. Nc3 Nf6 6. 0-0 d6 7. h3 Be6 8. Bb3 0-0 9. Be3 Bb6 10. Qd2 Bxe3 11. fxe3 Ne7 12. d4 exd4 13. exd4 Bxb3 14. axb3 Ng6 15. Rfe1 Re8 16. Kh2 a5 17. Re2 c6 18. Rg1 Qc7 19. g4 Nxe4 20. Nxe4 Rxe4 21. Rxe4 d5+ 22. Re5 f6 23. Rge1 fxe5 24. dxe5 Re8 25. Kh1 Re6 26. c4 dxc4 27. bxc4 Qf7 28. Qe3 Qf4 29. Qxf4 Nxf4 30. Kh2 c5 31. Re3 Ng6 32. h4 Kf7 33. Kg3 Ne7 34. Kf4 Ng6+ 35. Ke4 Ne7 36. Nd2 Ng6 37. Kd5 b6 38. h5 Ne7+ 39. Ke4 Nc6 40. Rf3+ Ke7 41. Rf5 Nd4 42. Kd5 Nc6 43. Nf3 Nb4+ 44. Ke4 Nc6 45. Nh4 Nd4 46. Rf2 Kd7 47. Nf5 Nxf5 48. gxf5 Re7 49. Kd5 Kc7 50. e6 Re8 51. Ke5 Rf8 52. e7 Re8 53. Ke6 g5 54. Kf7 1-0

[Event "TUR-chT2"]
[Site "Konya"]
[Date "2017.07.09"]
[Round "1.11"]
[White "Karakuzu, Ismail"]
[Black "Sahin, Alperen"]
[Result "0-1"]
[WhiteElo "1338"]
[BlackElo "1485"]
[PlyCount "84"]
[EventDate "2017.07.09"]
[EventType "team-swiss"]
[EventRounds "9"]
[EventCountry "TUR"]
[SourceTitle "CBM 179 Extra"]
[Source "ChessBase"]
[SourceDate "2017.08.23"]
[SourceVersion "1"]
[SourceVersionDate "2017.08.23"]
[SourceQuality "1"]
[WhiteTeam "Genclik Deha"]
[BlackTeam "Onay"]
[WhiteTeamCountry "TUR"]
[BlackTeamCountry "TUR"]

1. e4 c5 2. Nf3 d6 3. d4 cxd4 4. Nxd4 Nf6 5. Nc3 g6 6. Bb5+ Bd7 7. Bc4 Bg7 8. Be3 0-0 9. 0-0 Ng4 10. Qd2 Nxe3 11. fxe3 Nc6 12. Rad1 Rc8 13. Nxc6 bxc6 14. Rf2 Be5 15. Rdf1 e6 16. Bb3 c5 17. Bc4 Rb8 18. Rb1 Qc7 19. h3 Bc6 20. Rff1 Bxc3 21. Qxc3 Bxe4 22. Bd3 Bxd3 23. Qxd3 d5 24. Rfd1 Qe5 25. c3 c4 26. Qd4 Qxd4 27. Rxd4 f5 28. Kf2 a5 29. a4 Rb3 30. Rd2 Rfb8 31. Rc2 Ra3 32. h4 Rxa4 33. Rd2 Ra2 34. Ke1 a4 35. Kd1 a3 36. Kc1 Rbxb2 37. Rdxb2 axb2+ 38. Rxb2 Rxb2 39. Kxb2 Kf7 40. Kc2 Kf6 41. Kd2 Ke5 42. Ke2 Ke4 0-1